000 00344nam a2200157Ia 4500
008 100122s9999 xx 000 0 und d
082 _b900
_a940
100 _aEDGER JOHN G.
245 _aHISTORY FOR BOYS
250 _a0
260 _c1937
300 _a425
630 _aHISTORY FOR BOYS
730 _aHISTORY FOR BOYS
942 _cBOOK
999 _c394808
_d394805